000 01102nam a22002777a 4500
001 BD-DhSAU 9191
003 BD-DhSAU
005 20190409125932.0
008 150613b2013 bg a|||| m||| 00| 0 eng d
040 _aBD-DhSAU
082 _222
_a630
_bM311
100 _aMamun, Farhana
_eRegistration # 06-2066
245 _aInfluence of population density and variety on growth and yield of rapeseed mustard /
_bMS thesis
_cFarhana Mamun,
260 _aSher-e-Bangla Agricultural Uniersity :
_bDepartment of Agronomy,
_c2013.
300 _axi 86p. :
_bill. ;
_c29 cm.
500 _aMS thesis of Department of Agronomy , Faculty of Agriculture, Sher-e-Bangla Agricultural University, Dhaka, Bangladesh
504 _aIncludes bibliographical reference.
590 _aerfat
650 _aAgronomy
650 _aInfluence of population density and variety on growth
650 _ayield of rapeseed mustard
700 _aAli, Md Hazrat
_eSuperviser
700 _eCo-superviser
_aUllah, Md Jafar
856 _uhttp://10.10.0.126:8080/xmlui/handle/123456789/2349
942 _2ddc
_cTHESIS
999 _c9191
_d9191